Normal view
MARC view
- Dr. Muhammad Fahim Khokar
Entry Personal Name
001 - CONTROL NUMBER
- control field: 29456
003 - CONTROL NUMBER IDENTIFIER
- control field: NUST
005 - DATE AND TIME OF LATEST TRANSACTION
- control field: 20200825164954.0
008 - FIXED-LENGTH DATA ELEMENTS
- fixed length control field: 200825|| aca||aabn | a|a d
040 ## - CATALOGING SOURCE
- Original cataloging agency: NUST
- Transcribing agency: NUST
100 ## - HEADING--PERSONAL NAME
- Personal name: Dr. Muhammad Fahim Khokar
670 ## - SOURCE DATA FOUND
- Source citation: Work cat.: (NUST): Khan, Waqas Ahmed 1730, Quantification of material wastage and their causes in building construction projects of Pakistan /, 2016.
